000 00257nam a22001217a 4500
008 180301b xxu||||| |||| 00| 0 eng d
041 _aeng
080 _a710
100 _a45
101 _aART
245 _aMASTERS COLLECTION
_cBOTERP.F
942 _2udc
_cBK
999 _c43888
_d43888